Ha ha ...!

Guardat en:
Dades bibliogràfiques
Autor principal: Ducharme, Réjean
Format: Llibre
Idioma:Undetermined
Publicat: París, Francia Gallimard 1982
Matèries:
Etiquetes: Afegir etiqueta
Sense etiquetes, Sigues el primer a etiquetar aquest registre!

MARC

LEADER 00000nam a2200000Ia 4500
008 170316s9999 xx 000 0 und d
040 |a cru BVZT 
090 |a 840 D-12.1h 
100 |a Ducharme, Réjean 
245 |a Ha ha ...! 
260 |a París, Francia 
260 |b Gallimard 
260 |c 1982 
300 |a 108 páginas 
650 |a LITERATURA FRANCESA 
999 |c 7631  |d 7631 
942 |c 15 D  |h 840 D-12.1h  |2 z